Fraude y desobediencia fiscal en la Corona de Castilla en el siglo XVII : (Registro nro. 9595)
[ vista simple ]
| 000 -CABECERA | |
|---|---|
| fixed length control field | 01985nam a2200265 i 4500 |
| 001 - NÚMERO DE CONTROL | |
| control field | Rebiun02802807 |
| 005 - FECHA Y HORA DE LA ULTIMA TRANSACCIÓN | |
| control field | 20260407155745.0 |
| 008 - ELEMENTOS DE LONGITUD FIJA | |
| fixed length control field | 001219s2000 sp 001 0 spa c |
| 020 ## - ISBN | |
| ISBN | 9788478469345 |
| 040 ## - FUENTE DE CATALOGACIÓN | |
| Agencia de catalogación original | SpMaUCCE |
| Agencia que realiza la modificación | AR-MoUNM |
| 082 0# - NÚMERO DE CLASIFICACIÓN DECIMAL DEWEY (C.D.D.) | |
| Número de la edición | 20 |
| Número de la Clasificación Decimal de Dewey (C.D.D.) | 336 |
| Número del ítem | CARC 265 |
| 100 1# - ENTRADA PRINCIPAL - NOMBRE DE PERSONA | |
| Nombre personal | Cárceles de Gea, Beatriz |
| 9 (RLIN) | 13750 |
| 245 10 - MENCIÓN DEL TÍTULO | |
| Título | Fraude y desobediencia fiscal en la Corona de Castilla en el siglo XVII : |
| Resto del título | 1621-1700 / |
| Mención de responsabiblidad | Beatriz Cárceles de Gea. |
| 260 ## - PUBLICACIÓN, DISTRIBICIÓN, ETC. | |
| Lugar de publicación, distribución, etc. | Valladolid : |
| Nombre del editor, distribuidor, etc. | Junta de Castilla y León. Consejería de Educación y Cultura, |
| Fecha de publicación, distribución, etc. | c2000. |
| 300 ## - DESCRIPCIÓN FÍSICA | |
| Extensión | 365 p. ; |
| Dimensiones [El subcampo es A para Materiales Mixtos] | 25 cm. |
| 490 0# - MENCIÓN DE SERIE | |
| Mención de Serie | (Estudios de historia) |
| 520 8# - NOTA DE RESUMEN, ETC. | |
| Nota de resumen, etc. | El punto de partida del estudio es el análisis del recurso de impuesto de los millones como una fórmula de la contribución universal que ofrece una saneada fuente de ingresos a la corona. Los «Millones» fueron durante los siglos XVI y XVII un impuesto indirecto sobre la alimentación impuesto por Felipe II, aprobado por las Cortes de Castilla el 4 de abril de 1590. Se aplicaba sobre el consumo de las seis especias: vino, vinagre, aceite, carne, jabón y velas de cebo, se renovaba de seis en seis meses.<br/>La autora no se interesa por el monto de los impuestos ni por su eficacia de cara a los apuros del monarca ni por los efectos sobre las distintas clases sociales ni sobre su impacto sobre la economía castellana. La autora trata de definir las consecuencias que pudo tener la propuesta hacendística de la corona sobre el contrato que fundamentaba la relación entre el rey y el reino , o dicho en otras palabras sobre la constitución interna que regulaba los derechos y deberes respectivos de la Monarquía y sus vasallos.<br/> |
| 650 #7 - ENTRADA SECUNDARIA DE MATERIA - TÉRMINO TEMÁTICO | |
| Fuente de la entrada o término | unescot |
| Término temático o nombre geográfico como elemento de entrada | HACIENDA PUBLICA |
| 9 (RLIN) | 1785 |
| 650 #7 - ENTRADA SECUNDARIA DE MATERIA - TÉRMINO TEMÁTICO | |
| Término temático o nombre geográfico como elemento de entrada | RECURSOS FINANCIEROS |
| Fuente de la entrada o término | unescot |
| 9 (RLIN) | 274 |
| 650 #7 - ENTRADA SECUNDARIA DE MATERIA - TÉRMINO TEMÁTICO | |
| Fuente de la entrada o término | unescot |
| Término temático o nombre geográfico como elemento de entrada | DISTRIBUCION DEL INGRESO |
| 9 (RLIN) | 109 |
| 650 #7 - ENTRADA SECUNDARIA DE MATERIA - TÉRMINO TEMÁTICO | |
| Fuente de la entrada o término | unescot |
| Término temático o nombre geográfico como elemento de entrada | CONFLICTO POLITICO |
| 9 (RLIN) | 1672 |
| 650 #7 - ENTRADA SECUNDARIA DE MATERIA - TÉRMINO TEMÁTICO | |
| Fuente de la entrada o término | unescot |
| Término temático o nombre geográfico como elemento de entrada | CRISIS POLITICA |
| 9 (RLIN) | 2333 |
| 651 #7 - ENTRADA SECUNDARIA DE MATERIA - NOMBRE GEOGRÁFICO | |
| Nombre geográfico | ESPAÑA |
| Fuente de la entrada o término | unescot |
| 9 (RLIN) | 2861 |
| 942 ## - ADDED ENTRY ELEMENTS (KOHA) | |
| Item type | Libros |
| Withdrawn status | Lost status | Damaged status | Not for loan | Home library | Current library | Date acquired | Inventory number | Total Checkouts | Total Renewals | Full call number | Barcode | Date last seen | Date last borrowed | Copy number | Price effective from | Koha item type |
|---|---|---|---|---|---|---|---|---|---|---|---|---|---|---|---|---|
| Colección general | Colección general | 02/08/2018 | 16528 | 3 | 2 | 336 CARC 265 | 16528 | 03/06/2024 | 21/05/2024 | Ej. C | 02/08/2018 | Libros |


